| 000 | 00431nam a2200157Ia 4500 | ||
|---|---|---|---|
| 008 | 221030s9999 xx 000 0 und d | ||
| 020 | _a8126502967 | ||
| 041 | _aEnglish | ||
| 082 | _a105.23 | ||
| 100 | _aDreamtech Software Team | ||
| 245 | 0 |
_aProgramming For Embedded Systems Cracking The Code _cby Dreamtech Software Team |
|
| 260 |
_bWiley Dreamtech _aNew Delhi _c2004 |
||
| 300 | _a533 | ||
| 650 | _aBE Computer | ||
| 942 | _cBK | ||
| 999 |
_c1727 _d1727 |
||